El aire de un crimen
Uloženo v:
| Hlavní autor: | |
|---|---|
| Médium: | Kniha |
| Jazyk: | španělština |
| Vydáno: |
Barcelona
Planeta
1980
|
| Vydání: | 3a. ed |
| Edice: | Colección de Autores Españoles e Hispanoamericanos
|
| Témata: | |
| Tagy: |
Přidat tag
Žádné tagy, Buďte první, kdo vytvoří štítek k tomuto záznamu!
|
MARC
| LEADER | 00000nam a2200000 a 4500 | ||
|---|---|---|---|
| 001 | UCQ5610 | ||
| 003 | CL-VaPUC | ||
| 008 | 981002e19801200SP |||||||||||||||||spa|d | ||
| 082 | 0 | 4 | |a 863 |b BEN |2 21 |
| 100 | 0 | |a Benet, Juan |e author |9 419673 | |
| 245 | 1 | 3 | |a El aire de un crimen |
| 250 | |a 3a. ed | ||
| 300 | |a 250 p | ||
| 942 | |c BK | ||
| 945 | |d 19981002 00:00:00 |a crobeson | ||
| 260 | |a Barcelona |b Planeta |c 1980 | ||
| 650 | 0 | |a Novelas españolas |9 265052 | |
| 650 | 0 | |a Literatura española |9 306261 | |
| 583 | |a last modification |c 19981002 00:00:00 |k Rodrigo Vera | ||
| 490 | 0 | |a Colección de Autores Españoles e Hispanoamericanos | |
| 999 | |c 275815 |d 275813 | ||
| 952 | |0 0 |1 0 |4 0 |6 863_000000000000000_BEN_1980 |7 0 |8 A |9 312655 |a BIBEDU |b BIBEDU |d 2019-11-20 |i 1475096 |o 863 BEN 1980 |p 1475096 |r 2019-11-20 |w 2019-11-20 |y BK |k LIT | ||